Richard B. Davis, administrator. Letter from the Assistant Clerk of the Court of Claims transmitting a copy of the findings of the court in the case of Richard B. Davis, administrator de bonis non cum testamento annexo of William C. Birchett, deceased, against the United States.

Bibliographic Details
Corporate Authors: United States. Congress. Senate. Committee on Claims, ProQuest (Firm), United States. Court of Claims
Format: eBook
Language:English
Published: Washington : [publisher not identified], 1914.
Series:United States congressional serial set.
Subjects:
Online Access:Connect to the full text of this electronic book

MARC

Tag First Indicator Second Indicator Subfields
LEADER 00000cam a22000001a 4500
001 in00003037607
005 20190402184705.0
006 m o d
007 cr un mmmapmmp
008 070707s1914 dcud o f000 0 eng d
035 |a cis2004143882 
040 |a UMI  |c UMI  |d UtOrBLW 
043 |a n-us--- 
099 |a ProQuest Serial Set Number 6597 S.doc.534 
110 1 |a United States.  |b Congress.  |b Senate.  |b Committee on Claims. 
245 1 0 |a Richard B. Davis, administrator. Letter from the Assistant Clerk of the Court of Claims transmitting a copy of the findings of the court in the case of Richard B. Davis, administrator de bonis non cum testamento annexo of William C. Birchett, deceased, against the United States. 
246 1 |a Findings of Court of Claims in case of Richard B. Davis, admr 
264 1 |a Washington :  |b [publisher not identified],  |c 1914. 
300 |a 1 online resource. 
336 |a text  |b txt  |2 rdacontent 
337 |a computer  |b c  |2 rdamedia 
338 |a online resource  |b cr  |2 rdacarrier 
490 0 |a S.doc.534 
500 |a Record is based on bibliographic data in ProQuest U.S. Serial Set Digital Collection (last viewed July 2007). Reuse except for individual research requires license from ProQuest, LLC. 
510 3 |a ProQuest U.S. Serial Set Digital Collection 
500 |a Electronic resource. 
610 1 0 |a United States.  |b Congress  |v Private bills. 
650 0 |a Bills, Private  |z United States. 
651 0 |a United States  |x Claims. 
655 7 |a Electronic books.  |2 local 
710 2 |a ProQuest (Firm) 
710 1 |a United States.  |b Court of Claims. 
830 0 |a United States congressional serial set. 
856 4 0 |u http://proxy.library.tamu.edu/login?url=http://congressional.proquest.com/congcomp/getdoc?SERIAL-SET-ID=6597+S.doc.534  |z Connect to the full text of this electronic book  |t 0 
999 |a MARS 
999 f f |s 6cf0327b-fc1d-3806-bfb8-5387eeb6a714  |i 18333857-df56-347c-961f-3791ab1cffc1  |t 0 
952 f f |a Texas A&M University  |b College Station  |c Electronic Resources  |d Available Online  |t 0  |e ProQuest Serial Set Number 6597 S.doc.534  |h Other scheme 
998 f f |a ProQuest Serial Set Number 6597 S.doc.534  |t 0  |l Available Online